| 000 | 00968nas a2200289 4500 | ||
|---|---|---|---|
| 001 | BR7807455 | ||
| 003 | BR-BrBNA | ||
| 005 | 20231205083555.0 | ||
| 007 | ta | ||
| 008 | 230509b bl.|||p| |||| 00| 00por d | ||
| 040 |
_aBR-BrBNA _bpor _cBiblioteca Nacional de Agricultura |
||
| 041 | _a(Pt) | ||
| 072 | _aK20 | ||
| 100 | 1 | _aBrasil, M.A.M. | |
| 100 | 1 | _aMontagna, R.G. | |
| 100 | 1 | _aTimoni, J.L. | |
| 111 | 1 |
_a3. Congresso Florestal Brasileiro _cManaus, AM (Brazil) _d4 Dec 1978 |
|
| 245 | 1 |
_aVariacao da densidade basica do Pinus elliottii Engelm. var. elliottii na Regiao de Moji-Guacu - Sao Paulo [pinheiro, Brasil] _bAnais do 3. Congresso Florestal Brasileiro - v. 2 |
|
| 650 | _aPINHEIRO | ||
| 650 | _aVARIEDADE | ||
| 650 | _aDENSIDADE | ||
| 650 | _aDENDROMETRIA | ||
| 650 | _aSAO PAULO | ||
| 773 | 0 |
_tSilvicultura (Brazil) _xISSN 0100-3615 _g(1978), (no. 14) p. 261-262 _wBR7807455 |
|
| 909 |
_a202311 _bLúcia _c55 _dLúcia Elande |
||
| 942 |
_2AGRIS _n0 _cANA |
||
| 999 |
_c99789 _d99789 |
||